000 00647nam a2200241Ia 4500
003 OSt
005 20220926032946.0
006 a|||||r|||| 00| 0
007 ta
008 220923b |||||||| |||| 00| 0 eng d
020 _a0669019542
037 _cGeneral Book
040 _aRTL
_cRTL
_beng
041 _2eng
_aeng
082 _aX:57-8, L8
100 _aJacque Laurent L
_9314297
245 0 _aManagement of foreign exchange risk
260 _aToronto
_bD C Health and Co.
_c1970
300 _axxi, 285p.
_ccm.
650 _aEconomics
942 _hX:57-8, L8
_cGB
_2CC
999 _c655915
_d655915